000 02448nam a22002177a 4500
003 St Aloysius Coll
005 20260122163236.0
008 260117b |||||||| |||| 00| 0 eng d
020 _a9781035055050
040 _cAL
041 _aEnglish
082 _a158.1
_bKINT
100 _aVex King
_9251637
245 _aThings no one taught us about love
260 _aLondon
_bBluebird Books
_c2024
300 _a301p.
_bPB
_c17.5x12.8cm
365 _2General
_a5468
_b₹399.00
_c
_d₹499.00
_e20%
_f10/01/2026
520 _aTHE SUNDAY TIMES BESTSELLER Things No One Taught Us About Love distils the ideas found in Vex King's Closer to Love, re-edited and presented in the warm, relatable style of his No. 1 bestseller Good Vibes, Good Life. This extraordinary book is for anyone looking to harness the power of the universe, and their own self-understanding, to manifest stronger, deeper relationships. Bestselling author of Good Vibes, Good Life, Vex King is back with a life-changing guide to strengthening your relationships by learning to love yourself, and understanding the true nature of love. Many of us expect romantic love to solve our problems and validate our worth. This burden strains modern relationships. Partners become frustrated when unable to meet each other’s idealized and impossible demands. Broken dreams of a life-long romance can leave people feeling incomplete and hopping from one partner to another.It’s no wonder we struggle, given that society fails to teach us about the true nature of love. We’ve been misled into thinking love is external - somewhere out there - rather than a force within us. Vex King dismantles the myths and misconceptions surrounding love and relationships. Packed with personal stories, expert advice and inspirational messages, Things No-one Taught Us About Love will help you understand how you love, create healthy habits, set boundaries that work for you, and heal unprocessed emotion and trauma.'A long-term relationship will die and be reborn a thousand times. It doesn’t matter how long you are with someone, but how willing you are to stay open to the new versions of them (and yourself) that are certain to arise.' - Vex King 'A must read if you are seeking to elevate your relationships and your life.' - Yung Pueblo, New York Times #1 Bestselling author of Clarity & Connection and Lighter.
650 _2Psychology
_aApplied Psychology
_9251638
942 _2ddc
_cBK
999 _c240782
_d240782